LEADER 01355nam a2200301 i 4500 001 000000038469 003 CaOOAMICUS 005 20100415000000.0 008 100415s1979 it u000 u ita u 013 $a9054 020 $a88-205-0159-7 040 $aSeMil$bita 245 10$aAntologia di testi cristiani antichi :$bsecoli 1.-4. /$cA cura di A. Agnoletto e M. Fiorillo. 260 $aMilano :$bCisalpino-Goliardica,$cstampa 1979. 300 $aXV, 123 p. ;$c24 cm. 500 $aIn mezzo al front. : In appendice: Bernardo da Como: De strigiis. 650 4$aLetteratura cristiana antica.$0(OLS)http://semarc/subject/1197 650 4$aStregoneria.$0(OLS)http://semarc/subject/3983 700 1 $aBernardo : da Como .$0(OLS)http://semarc/name/18475 700 1 $aAgnoletto, Attilio,$d<1926-2006>.$0(OLS)http://semarc/name/4041 700 1 $aFiorillo, M.$0(OLS)http://semarc/name/18477 774 0 $tBernardo da Como.$w()307739 850 $aSeMil 852 $aSeMil$W1$xVenegono$y1$m2T IV 124$j4624$B4624$CSeMilBibl$Z2$F4624 $81 961 $aOmaggio: Rimoldi mons. Antonio 996 $6020$a88-205-0159-7$9(OLS)http://semarc/number/7743 996 $6245$aAntologia di testi cristiani antichi :$bsecoli 1.-4.$9(OLS)http://semarc/title/54301 996 $6260$aMilano :$bCisalpino-Goliardica$9(OLS)http://semarc/publisher/32009 LEADER 00747naa a2200145 i 4500 001 000000294992 003 CaOOAMICUS 005 20180831172517.0 008 180831n xx u000 u und u 013 $a2291 040 $aSeMil$bita 100 1 $aGagnebin, Laurent <1939- >.$0(OLS)http://semarc/name/20151 245 10$aLes déroulements du culte réformé d'expression française à l'époque contemporaine. 773 0 $aTriacca, Achille Maria $tEucharistie: Célébrations, Rites, Piétés.$dRoma : CLV Edizioni Liturgiche, stampa 1995.$kBibliotheca Ephemerides Liturgicae. Subsidia$z88-86655-01-0$w()43802 996 $6245$aLes déroulements du culte réformé d'expression française à l'époque contemporaine$9(OLS)http://semarc/title/371063